Bhartiya samvidhaan: rashtra ki aadharshila (Record no. 523419)

000 -LEADER
fixed length control field 00347nam a22001217a 4500
020 ## - INTERNATIONAL STANDARD BOOK NUMBER
International Standard Book Number 9789350008522
082 ## - DEWEY DECIMAL CLASSIFICATION NUMBER
Classification number C4x54 Au76
100 ## - MAIN ENTRY--PERSONAL NAME
Personal name Austin, Granville
9 (RLIN) 39919
245 ## - TITLE STATEMENT
Title Bhartiya samvidhaan: rashtra ki aadharshila
Statement of responsibility, etc by Granville Austin
260 ## - PUBLICATION, DISTRIBUTION, ETC. (IMPRINT)
Place of publication, distribution, etc New Delhi
Name of publisher, distributor, etc Vaani
Date of publication, distribution, etc 2017
300 ## - PHYSICAL DESCRIPTION
Extent 536p.
650 ## - SUBJECT ADDED ENTRY--TOPICAL TERM
Topical term or geographic name as entry element Constitutional law - India
9 (RLIN) 39920
Holdings
Withdrawn status Lost status Source of classification or shelving scheme Damaged status Koha normalized classification for sorting Not for loan Permanent location Current location Shelving location Date acquired Full call number Barcode Date last seen Price effective from Koha item type
        C_4X54_AU76   Indian Institute of Public Administration Indian Institute of Public Administration On Display 2023-08-17 C4x54 Au76 GR24741 2023-08-17 2023-08-17 GR

Powered by Koha